000 00469nam a2200169 4500
001 10386
005 20230410123514.0
008 060907n2002 dr spa
035 _9funglode10469
041 _aES
050 1 4 _aKGQ 2690 G373v 2002
100 _aGermán Mejía, Mariano
245 1 _aVías de ejecución /
_cMariano Germán Mejía
260 _aSanto Domingo :
_bImpresos y Servicios Marka,
_c2002
300 _a530, xxxiv p.
942 _2lcc
_cbk
999 _c62802
_d62802